Statistics for F1 drivers with podiums but no wins (1950-2022)

Click here to take the quiz!

General Stats

  • This quiz has been taken 383 times
    (60 since last reset)
  • The average score is 26 of 88

Answer Stats

N° of PodiumsNationalityDriverPodiums YearsTeams% Correct
13United KingdomLando Norris20-23McLaren
94%
3CanadaLance Stroll17, 20Williams, Racing Point
88%
2ThailandAlexander Albon20Red Bull
85%
3RussiaDaniil Kvyat15-16, 19Red Bull, Toro Rosso
85%
1DenmarkKevin Magnussen14McLaren
85%
2AustraliaOscar Piastri23McLaren
83%
10FranceRomain Grosjean12-13, 15Lotus
77%
2NetherlandsJos Verstappen94Benetton
75%
1JapanTakuma Sato04BAR
71%
1JapanKamui Kobayashi12Sauber
67%
13GermanyNick Heidfeld01, 05-09, 11Sauber, Williams, BMW Sauber, Renault
65%
1RussiaVitaly Petrov11Renault
65%
2FinlandMika Salo99Ferrari
63%
1BrazilNelshino Piquet08Renault
63%
1United StatesMichael Andretti93McLaren
50%
3GermanyTimo Glock08-09Toyota
50%
9United KingdomMartin Brundle92-94Benetton, Ligier, McLaren
48%
1SpainPedro de la Rosa06McLaren
48%
1PortugalTiago Monteiro05Jordan
46%
3AustriaAlexander Wurz97, 05, 07Benetton, McLaren, Williams
44%
1FinlandJJ Lehto91Dallara
44%
3United KingdomMark Blundell93-94Ligier, Tyrrell
42%
5ItalyAndrea de Cesaris82-83, 87, 89Alfa Romeo, Brabham, Dallara
38%
12SwedenStefan Johansson85-87, 89Ferrari, McLaren, Onyx
37%
11New ZealandChris Amon67-72Ferrari, March, Matra
35%
4United KingdomDerek Warwick84Renault
35%
1MonacoLouis Chiron50Maserati
35%
1JapanAguri Suzuki90Lola
33%
9United StatesEddie Cheever82-83, 88-89Ligier, Renault, Arrows
33%
3ItalyIvan Capelli88-90March, Leyton House
31%
2ItalyTeo Fabi87, 87Brabham, Benetton
31%
1ItalyGianni Morbidelli95Footwork
29%
3FranceJean-Pierre Jarier74, 79Shadow, Tyrrell
27%
1ItalyNicola Larini94Ferrari
27%
1BrazilRoberto Moreno90Benetton
27%
2United KingdomTom Pryce75-76Shadow
27%
3ItalyEugenio Castellotti55-56Lancia, Ferrari
25%
1RhodesiaJohn Love67Cooper
25%
1BrazilMauricio Gugelmin89March
25%
1FranceEric Bernard94Ligier
23%
9FranceJean Behra52, 55-58Gordini, Maserati, BRM
23%
2GermanyKarl Kling54-55Mercedes
23%
1ItalyBruno Giacomelli81Alfa Romeo
21%
2GermanyHans Joachim Stuck77Brabham
21%
8ItalyLuigi Villoresi51-53Ferrari
21%
2ArgentinaOnofre Marimón53-54Maserati
21%
1ArgentinaCarlos Menditeguy57Maserati
19%
1BelgiumLucien Bianchi68Cooper
19%
2ItalyStefano Modena89, 91Brabham, Tyrrell
19%
3SouthafricaTony Maggs62-63Cooper
19%
2FranceLouis Rosier50Talbot
17%
3United StatesMaster Gregory57, 59Maserati, Cooper
17%
2United KingdomPiers Courage69Brabham
17%
2SwitzerlandRudi Fischer52Ferrari
17%
2United KingdomStuart Lewis-Evans58Vanwall
17%
1SpainAlfonso de Portago56Ferrari
15%
1GermanyHans Herrmann54Mercedes
15%
2United KingdomMike Hailwood72, 74Surtees, McLaren
15%
2BelgiumOlivier Gendebien60Cooper
15%
1FrancePhilippe Streiff85Ligier
15%
1SwedenReine Wisell70Lotus
15%
2FranceRobert Manzon52, 54Gordini, Ferrari
15%
1AustraliaTim Schenken71Brabham
15%
2United KingdomMike Parkes66Ferrari
13%
1BelgiumPaul Frere56Ferrari
13%
1United KingdomReg Parnell50Alfa Romeo
13%
2United KingdomRoy Salvadori58Cooper
13%
2ItalyCesare Perdisa55-56Maserati
12%
1FranceHenri Pescarolo70Matra
12%
1United KingdomPeter Whitehead50Ferrari
12%
1GermanyRolf Stommelen70Brabham
12%
1BelgiumWilly Mairesse60Ferrari
12%
1United KingdomDick Attwood68BRM
10%
1ItalyDorino Serafini50Ferrari
10%
2ItalyFelice Bonetto51, 53Alfa Romeo, Maserati
10%
1United StatesGeorge Follmer73Shadow
10%
2United StatesHarry Schell57-58Maserati, BRM
10%
2United KingdomJackie Oliver68, 73Lotus, Shadow
10%
1United KingdomMike Spence65Lotus
10%
1United KingdomTrevor Taylor62Lotus
10%
1United KingdomBrian Redman68Cooper
8%
1United KingdomCliff Allison60Ferrari
8%
1United StatesMark Donohue71McLaren
8%
2United KingdomPeter Arundell64Lotus
8%
2ItalyUmberto Maglioli54-55Ferrari
8%
1United KingdomBob Anderson64Brabham
6%
1FranceJohnny Servoz-Gavin68Matra
6%
1United KingdomRon Flockhart56Connaught
6%

Score Distribution

Percentile by Number Answered

Percent of People with Each Score

Your Score History

You have not taken this quiz since the last reset